Biggest American Cities that start with F on a Map - Statistics

General Stats
  • This quiz has been taken 350 times
  • The average score is 8 of 13
Answers on the Map
Answers color-coded by a green-red scale on the quiz's map according to % correct below.
 
Answer Stats
Population City % Correct
918,915 Fort Worth
97%
542,107 Fresno
95%
125,990 Fargo
81%
263,886 Fort Wayne
78%
182,760 Fort Lauderdale
74%
208,501 Fayetteville
62%
169,810 Fort Collins
61%
230,504 Fremont
59%
200,509 Frisco
46%
208,393 Fontana
37%
101,030 Federal Way
28%
143,617 Fullerton
27%
119,881 Fairfield
24%
No matching quizzes found
Score Distribution
Percent of People with Each Score
Percentile by Number Answered
Your Score History
You have not taken this quiz